000 00501nam a2200181Ia 4500
001 11497
005 20260306162832.0
008 260306t1984||||xx |||||||||||||| ||spa||
041 _aESP
082 _a985.061
_bM26
100 _aMinisterio de Marina
_eAUT
245 2 _aA la gloria del gran almirante del Perú Miguel Grau en el sesquicentenario de su natalicio 1834-1984
260 _c1984
300 _a441 páginas :
_c28 cm.
650 _aGEN
654 _aCHU
942 _cLIB
_dJUS
_fJUS
_2ddc
_n
999 _c11497
_d11497